6 to 1: South America Quiz Stats

 Plays Quiz Updated Mar 22, 2018

Also try: 6 to 1: Africa
Challenge
Share
Tweet
Embed
Score 0/21 Timer 03:00
9 Plays Today
Answer % Correct
Brazil
99.5%
Argentina
98.4%
Pacific Ocean
94.9%
Atlantic Ocean
94.8%
Peru
94.4%
Colombia
93.6%
Venezuela
90.4%
Bolivia
88.8%
Uruguay
86.6%
Suriname
83.9%
Guyana
83.3%
Answer % Correct
Spanish
82.6%
Buenos Aires, Argentina
82.6%
Portuguese
80.7%
Lima, Peru
78.6%
Bogotá, Colombia
75.3%
Santiago, Chile
74.5%
Caracas, Venezuela
72.5%
Lake Titicaca
48.4%
Guarani
34.9%
Quechua
23.9%

You're not logged in!

Compare scores with friends on all Sporcle quizzes.
Join for Free
OR
Log In

You Might Also Like...

Show Comments

Extras

Top Quizzes Today


Score Distribution

Your Account Isn't Verified!

In order to create a playlist on Sporcle, you need to verify the email address you used during registration. Go to your Sporcle Settings to finish the process.

Report this User

Report this user for behavior that violates our Community Guidelines.

Details: